Biblioteka Instytutu Północnego w Olsztynie

Armia Komendanta : (Rekord nr 27605)

Szczegóły MARC
000 -Nagłówek
fixed length control field 02426cam a2200505 i 4500
001 - Nr kontrolny bibl., która utworzyła rek.
control field xx004684945
003 - Siglum bibl., której nr kontr. jest w 001
control field NUKAT
005 - Data i czas ostatniej operacji
control field 20260416105609.0
008 - Elementy pola stałej długości
fixed length control field 190822s2019 pl a |001 0 pol c
020 ## - ISBN
ISBN 9788380986589
dopowiedzenie (oprawa twarda) :
warunki dostępności zł 40,00
035 ## - Systemowy numer kontrolny
systemowy numer kontrolny (OCoLC)1117294882
035 ## - Systemowy numer kontrolny
systemowy numer kontrolny (NUKAT)xx004684945
040 ## - Instytucja sporządzająca opis
Instytucja, która sporządziła opis WA U/EBA
język katalgowania-trzyzn. kod pol
zasady opisu rda
Instytucja, która sporządziła rekord WA U/EBAs
Instytucja, która zmodyfikowała rekord WA U/EBA
-- WA U/EBAs
-- WA 392/MKD
-- OLSZT 008/bak
045 2# - Okres czasu dla zawartości
czas między r. 9999 pne a nasz. czas. d1919
-- d1939
046 ## - Kod rodz. daty, data1, data2 (daty pne)
Begin/single date 2019
100 1# - Hasło główne-nazwa osobowa
Nazwa osobowa Wrona, Paweł
Dopowiedzenie inne niż daty biograficzne (historia).
rodzaj współpracy Autor
9 (RLIN) 40134
245 10 - Tytuł właściwy i oznaczenie odpow.
tytuł Armia Komendanta :
dodatek do tytułu Związek Strzelecki na Lubelszczyźnie w Drugiej Rzeczypospolitej /
dod. inf. ze s. tyt./ozn. odpow. Paweł Wrona ; Instytut Pamięci Narodowej - Komisja Ścigania Zbrodni przeciwko Narodowi Polskiemu.
246 30 - Inne formy tytułu, wariant tytułu
tytuł Związek Strzelecki na Lubelszczyźnie w Drugiej Rzeczypospolitej
260 ## - Adres wydawniczy
miejsce wydania, dystrybucji itp. Warszawa :
nazwa wydawcy, dystrybutora itp. Instytut Pamięci Narodowej - Komisja Ścigania Zbrodni przeciwko Narodowi Polskiemu,
data wydania, dystrybucji itp. 2019.
300 ## - Opis fizyczny
objętość i/lub forma materiału 462, [1] strona, [8] stron tablic ;
format 25 cm.
336 ## - Content Type
Term Tekst
Code txt
Source rdacontent
337 ## - Media Type
Term Bez urządzenia pośredniczącego
Code n
Source rdamedia
338 ## - Carrier Type
Term Wolumin
Code nc
Source rdacarrier
380 ## - Form of work
Form of work Książki
380 ## - Form of work
Form of work Publikacje naukowe
388 1# - TIME PERIOD OF CREATION
Time period of creation term 2001-
490 1# - Tytuł serii i ks. wielotom.-nie do wysz.
oznaczenie serii Monografie / Instytut Pamięci Narodowej - Komisja Ścigania Zbrodni przeciwko Narodowi Polskiemu ;
numer woluminu t. 146
504 ## - Uwaga o bibliografii
uwaga o bibliografii Bibliografia, netografia na stronach 390-413. Indeks.
586 8# - Uwaga o nagrodzie
uwaga o nagrodzie Praca wyróżniona w Konkursie im. Władysława Pobóg-Malinowskiego na Najlepszy Debiut Historyczny Roku 2013
610 27 - Hasło przedmiotowe-nazwa ciała zbior.
nazwa ciała zbior. lub geogr. Związek Strzelecki (1919-1939)
źródło hasła DBN
9 (RLIN) 40137
610 27 - Hasło przedmiotowe-nazwa ciała zbior.
nazwa ciała zbior. lub geogr. Związek Strzelecki (1919-1939).
źródło hasła kaba
9 (RLIN) 40138
648 #7 - SUBJECT ADDED ENTRY--CHRONOLOGICAL TERM
Chronological term 1901-2000
Source of heading or term DBN
9 (RLIN) 34996
648 #7 - SUBJECT ADDED ENTRY--CHRONOLOGICAL TERM
Chronological term 1918-1939
Source of heading or term DBN
9 (RLIN) 36041
650 #7 - Hasło przedmiotowe-nazwa pospolita
nazwa pospolita lub geogr. Organizacje młodzieżowe
źródło hasła DBN
9 (RLIN) 39362
650 #7 - Hasło przedmiotowe-nazwa pospolita
nazwa pospolita lub geogr. Organizacje paramilitarne
źródło hasła DBN
9 (RLIN) 40135
650 #7 - Hasło przedmiotowe-nazwa pospolita
nazwa pospolita lub geogr. Siły paramilitarne
określnik geograficzny Polska
-- Lublin (region)
określnik chronologiczny 1900-1945.
źródło hasła kaba
9 (RLIN) 40136
651 #7 - Hasło przedmiotowe-nazwa geogr.
nazwa geograficzna Lubelszczyzna
źródło hasła DBN
9 (RLIN) 35444
655 #7 - Termin określający rodzaj/formę
rodzaj/forma Monografia
źródło terminu DBN
9 (RLIN) 35240
658 ## - Nazwa określająca cel programu nauczania
główny cel programu nauczania Historia
658 ## - Nazwa określająca cel programu nauczania
główny cel programu nauczania Polityka, politologia, administracja publiczna
710 2# - Hasło dodatkowe - nazwa ciała zbior.
nazwa ciała zbior. lub nazwa geogr. Instytut Pamięci Narodowej - Komisja Ścigania Zbrodni przeciwko Narodowi Polskiemu.
rodzaj współpracy Wydawca
kod rodzaju współpracy pbl
9 (RLIN) 11792
830 #0 - Hasło dod. serii i op. ks. wielotom. -tyt
tytuł Monografie - Instytut Pamięci Narodowej - Komisja Ścigania Zbrodni przeciwko Narodowi Polskiemu
oznaczenie tomu t. 146
9 (RLIN) 11794
920 ## - ISBN
ISBN 978-83-8098-658-9 (oprawa twarda) : zł 40,00
942 ## - ADDED ENTRY ELEMENTS (KOHA)
Source of classification or shelving scheme Dewey Decimal Classification
Koha item type pozycje dostępne na miejscu
Egzemplarze
Status wycofania Status zagubienia Klasyfikacja Status uszkodzenia Blokada wypożyczeń Kolekcja Lokalizacja macierzysta Lokalizacja bieżąca Data nabycia Numer akcesji Źródło akcesji Cena Nr inwentarzowy il. wypożyczeń Sygnatura Kod kreskowy Date last seen Price effective from Typ egz.
    Dewey Decimal Classification nieuszkodzona   książka w magazynie Biblioteka Instytutu Północnego w Olsztynie Biblioteka Instytutu Północnego w Olsztynie 15/11/2019 D-38/2019 dar 40.00 59899   59899 IPWK21598 16/04/2026 16/04/2026 pozycje dostępne na miejscu
Biblioteka Instytutu Północnego, ul. Partyzantów 87, 10-402 Olsztyn, email: biblioteka(at)ip.olsztyn.pl